Turner v Coleman (VO) (Record no. 38276)
[ view plain ]
| 000 -LEADER | |
|---|---|
| fixed length control field | 01632cab a2200253 4500 |
| 001 - CONTROL NUMBER | |
| control field | ABS47352 |
| 008 - FIXED-LENGTH DATA ELEMENTS--GENERAL INFORMATION | |
| fixed length control field | 090401t1992 xxu||||| |||| 00| 0 eng d |
| 035 ## - SYSTEM CONTROL NUMBER | |
| System control number | (Sirsi) u61712 |
| 041 ## - LANGUAGE CODE | |
| Language code of text/sound track or separate title | eng |
| 245 ## - TITLE STATEMENT | |
| Title | Turner v Coleman (VO) |
| 260 ## - PUBLICATION, DISTRIBUTION, ETC. | |
| Date of publication, distribution, etc. | 1992 |
| 350 ## - PRICE (NR) (BK AM CF MU VM SE) [OBSOLETE] | |
| Price | 0 |
| 490 ## - SERIES STATEMENT | |
| Series statement | Rating Appeals |
| Volume/sequential designation | 1992 RA 228-234(4) |
| 520 ## - SUMMARY, ETC. | |
| Summary, etc. | LT 14 July 1992. The property in question was a mooring and land with frontage to a river and access from the rear. On the land there was a timber chalet and garden shed which were used for storage. The land was used as a garden, lawn, flowers beds and vegetable patch. The property was used by the owners for picnics and leisure in the summer. The property was included in the local non-domestic rating list as mooring, land and premises assessed, pursuant to a decision of the VCCT, at £800 rateable value. The appellant claimed that the hereditament should be deleted from the list because it was a domestic property and that the valuation should be reduced to £500. The valuation officer conceeded that the chalet was domestic propert as articles of domestic equipment were stored in it but that the remainder of the site was non-domestic. The appeal was held in favour of the VO, although the description was changed to `mooring, land and premises (part)`, on the grounds that the property was |
| 650 ## - SUBJECT ADDED ENTRY--TOPICAL TERM | |
| Topical term or geographic name entry element | LOCAL GOVERNMENT ACT 1988 S66(1) |
| 650 ## - SUBJECT ADDED ENTRY--TOPICAL TERM | |
| Topical term or geographic name entry element | MOORINGS |
| 650 ## - SUBJECT ADDED ENTRY--TOPICAL TERM | |
| Topical term or geographic name entry element | NON-DOMESTIC PROPERTY |
| 650 ## - SUBJECT ADDED ENTRY--TOPICAL TERM | |
| Topical term or geographic name entry element | RATEABLE VALUE |
| 650 ## - SUBJECT ADDED ENTRY--TOPICAL TERM | |
| Topical term or geographic name entry element | RIVERSIDE PROPERTY |
| 650 ## - SUBJECT ADDED ENTRY--TOPICAL TERM | |
| Topical term or geographic name entry element | UNIFORM BUSINESS RATE |
| 690 ## - LOCAL SUBJECT ADDED ENTRY--TOPICAL TERM (OCLC, RLIN) | |
| Topical term or geographic name as entry element | RATING AND VALUATION-CASE LAW |
| 942 ## - ADDED ENTRY ELEMENTS (KOHA) | |
| Suppress in OPAC | 0 |
| 948 ## - LOCAL PROCESSING INFORMATION (OCLC); SERIES PART DESIGNATOR (RLIN) | |
| c (OCLC) | 04/03/1997 |
| Withdrawn status | Lost status | Source of classification or shelving scheme | Damaged status | Not for loan | Home library | Current library | Shelving location | Date acquired | Total Checkouts | Full call number | Barcode | Date last seen | Copy number | Price effective from | Koha item type |
|---|---|---|---|---|---|---|---|---|---|---|---|---|---|---|---|
| Dewey Decimal Classification | London | London | Journal article | 14/09/1999 | ABS47352 | 61712-1001 | 06/08/2019 | 1 | 06/08/2019 | Law report |